| 000 | 00936nam1a22003011i 4500 | ||
|---|---|---|---|
| 001 | v19\rc\1337156 | ||
| 005 | 20240723110542.0 | ||
| 035 | _a(NLR Aleph) 004486357 | ||
| 090 |
_a4629032 _c4629032 |
||
| 100 | _a20060512g18551856|||y0rusy50 ca | ||
| 101 | 0 | _arus | |
| 102 | _aRU | ||
| 105 | _a f ||||| | ||
| 200 | 1 |
_aЭнциклопедический лечебник домашних животных и дворовых птиц _eТ. 1-3 |
|
| 210 |
_aСанкт-Петербург _cред. журн. "Труды" В.Э. о-ва _d1855-1856 |
||
| 215 |
_a3 т. _d25 |
||
| 801 | 0 |
_aRU _bNLR _gpsbo |
|
| 801 | 0 |
_aRU _bRuMoRGB _2psbo |
|
| 801 | 1 |
_aRU _bProSoft-M _2rusmarc |
|
| 852 |
_aNLR _j18.62.3.26 |
||
| 852 |
_aNLR _j+Шифры разные |
||
| 899 |
_aRuMoRGB _jP 81/1 |
||
| 899 |
_aRuMoRGB _jU 393/66 |
||
| 899 |
_aRuMoRGB _jV 321/85 |
||
| 899 |
_aRuMoRGB _jV 321/111 |
||
| 899 | _aБАН | ||
| 899 | _aНБ МГУ | ||
| 942 | _cBOOK | ||